Focus (Record no. 82936)

MARC details
000 -LEADER
fixed length control field 01090cad a22002175a 4500
001 - CONTROL NUMBER
control field L152300
008 - FIXED-LENGTH DATA ELEMENTS--GENERAL INFORMATION
fixed length control field 110215e20110115xxk 000 0 eng d
035 ## - SYSTEM CONTROL NUMBER
System control number (Sirsi) u152300
041 0# - LANGUAGE CODE
Language code of text/sound track or separate title eng
100 1# - MAIN ENTRY--PERSONAL NAME
Personal name Cunningham, Daniel
245 00 - TITLE STATEMENT
Title Focus
Medium Bedfordshire
260 ## - PUBLICATION, DISTRIBUTION, ETC.
Date of publication, distribution, etc. 2011
490 ## - SERIES STATEMENT
Series statement Estates Gazette
Volume/sequential designation (1102) 15 January 2011, 55-65(8)
520 ## - SUMMARY, ETC.
Summary, etc. Examines the performance of the industrial sector which has done relatively well in recent months with take-up of 5 000 sq-ft plus units in south Bedfordshire reaching a total of 717 000 by the start of December 2010. This is well down from the height of the market in 2007 but is encouraging when compared with the worst performing months of 2009. Further, looks at Ballymore's Power Court scheme in Luton where British Land looks set to rescue the development with fresh plans. With further details of office and retails sectors.
590 ## - LOCAL NOTE (RLIN)
Local note KA
651 #4 - SUBJECT ADDED ENTRY--GEOGRAPHIC NAME
Geographic name United Kingdom
Chronological subdivision
690 ## - LOCAL SUBJECT ADDED ENTRY--TOPICAL TERM (OCLC, RLIN)
Topical term or geographic name as entry element PROPERTY-COMMERCIAL PROPERTY-COMMERCIAL PROPERTY MARKET
700 1# - ADDED ENTRY--PERSONAL NAME
Personal name Quinn, David
700 1# - ADDED ENTRY--PERSONAL NAME
Personal name Meadwell, Stacey
942 ## - ADDED ENTRY ELEMENTS (KOHA)
Suppress in OPAC 0
Holdings
Withdrawn status Lost status Source of classification or shelving scheme Damaged status Not for loan Home library Current library Shelving location Date acquired Total Checkouts Full call number Barcode Date last seen Copy number Price effective from Koha item type
    Dewey Decimal Classification     London London Journal article 21/02/2011   L152300 152300-1001 06/08/2019 1 06/08/2019 Journal article